|
|
|
|
| LEADER |
01316nam a2200325 a 4500 |
| 001 |
33691 |
| 003 |
BD-DhAAL |
| 005 |
20211109102707.0 |
| 008 |
180814t2012 flua b 001 0 eng d |
| 999 |
|
|
|c 39461
|d 39461
|
| 010 |
|
|
|a 2011039392
|
| 020 |
|
|
|a 9781439841228 (hardcover : alk. paper)
|
| 040 |
|
|
|a DLC
|c DLC
|d DLC
|d BD-DhAAL
|
| 042 |
|
|
|a pcc
|
| 050 |
0 |
0 |
|a QA76.758
|b .R36 2012
|
| 082 |
0 |
0 |
|a 005.1
|2 23
|
| 100 |
1 |
|
|a Rajlich, Václav.
|9 27899
|
| 245 |
1 |
0 |
|a Software engineering :
|b the current practices /
|c Václav Rajlich.
|
| 260 |
|
|
|a Boca Raton, FL :
|b CRC Press,
|c c2012.
|
| 300 |
|
|
|a xxiii, 291 pages :
|b illustrations ;
|c 25 cm.
|
| 440 |
|
|
|a Chapman & Hall/CRC innovations in software engineering and software development
|9 27900
|
| 504 |
|
|
|a Includes bibliographical references and index.
|
| 526 |
|
|
|a CSE
|
| 541 |
|
|
|a Trim Education
|e 33691
|
| 650 |
|
0 |
|a Software engineering.
|9 27901
|
| 650 |
|
0 |
|a Computer programming.
|9 27902
|
| 650 |
|
0 |
|a Computer science.
|9 42464
|
| 852 |
|
|
|a Ayesha Abed Library
|c General Stacks
|
| 942 |
|
|
|2 ddc
|c BK
|
| 952 |
|
|
|0 0
|1 0
|2 ddc
|4 0
|6 005_100000000000000_RAJ
|7 0
|9 64242
|a BRACUL
|b BRACUL
|c GEN
|d 2018-08-08
|e Trim Education
|g 4285.00
|l 8
|m 44
|o 005.1 RAJ
|p 3010033691
|q 2026-06-02
|r 2026-05-12
|s 2026-05-12
|t 1
|v 4285.00
|w 2018-08-08
|y BK
|x Not found, need to check the book in the library.
|